000
00315nam a22001337a 4500
008
170529b xxu||||| |||| 00| 0 eng d
020
_a
639785401162
041
_a
eng
080
_2
5TH
_a
621
100
_a
27
101
_a
IM
245
_a
ENGINEERING MECHANICS STATICS AND DYNAMICS
_c
NELSON,E.W
942
_2
udc
_c
BK
999
_c
14807
_d
14807